English skills
Spremljeno u:
| Glavni autor: | |
|---|---|
| Format: | Knjiga |
| Jezik: | Undetermined |
| Izdano: |
Boson
McGraw-Hill
2001
|
| Teme: | |
| Oznake: |
Dodaj oznaku
Bez oznaka, Budi prvi tko označuje ovaj zapis!
|
| Thư viện lưu trữ: | Trung tâm Học liệu Trường Đại học Cần Thơ |
|---|
| LEADER | 00621nam a2200205Ia 4500 | ||
|---|---|---|---|
| 001 | CTU_213233 | ||
| 008 | 210402s9999 xx 000 0 und d | ||
| 082 | |a 808.0427 | ||
| 082 | |b L269 | ||
| 100 | |a Langan, John | ||
| 245 | 0 | |a English skills | |
| 245 | 0 | |c John Langan | |
| 260 | |a Boson | ||
| 260 | |b McGraw-Hill | ||
| 260 | |c 2001 | ||
| 650 | |a English language,English language | ||
| 650 | |x Rhetoric,Grammar | ||
| 904 | |i Tuyến | ||
| 910 | |a sách có kèm theo đĩa AV.003836, AV.003845, AV.003848, AV.003842, AV.003839, AV.003702, AV.003703 | ||
| 980 | |a Trung tâm Học liệu Trường Đại học Cần Thơ | ||